GOOD TO GREAT (Record no. 1218366)

MARC details
000 -LEADER
fixed length control field 00388nam a2200169Ia 4500
008 - FIXED-LENGTH DATA ELEMENTS--GENERAL INFORMATION
fixed length control field 260330s2001 xx 000 0 und d
020 ## - INTERNATIONAL STANDARD BOOK NUMBER
International Standard Book Number 978071267609-0
041 ## - LANGUAGE CODE
Language code of text/sound track or separate title eng
082 ## - DEWEY DECIMAL CLASSIFICATION NUMBER
Item number COJ
100 ## - MAIN ENTRY--PERSONAL NAME
Personal name COLLINS,JIM
245 ## - TITLE STATEMENT
Title GOOD TO GREAT
260 ## - PUBLICATION, DISTRIBUTION, ETC.
Name of publisher, distributor, etc. PENGUIN BOOKS LTD. PUNE
Date of publication, distribution, etc. 2001
300 ## - PHYSICAL DESCRIPTION
Extent XII/300pg
Other physical details PB
365 ## - TRADE PRICE
Currency code Rs.
650 ## - SUBJECT ADDED ENTRY--TOPICAL TERM
Topical term or geographic name entry element Genral
700 ## - ADDED ENTRY--PERSONAL NAME
Personal name COLLINS,JIM
Holdings
Withdrawn status Lost status Damaged status Not for loan Home library Current library Date acquired Source of acquisition Cost, normal purchase price Total Checkouts Full call number Barcode Date last seen Cost, replacement price Price effective from Koha item type
        Abhijit Kadam Institute of Management & Social Science, Solapur Abhijit Kadam Institute of Management & Social Science, Solapur 01/03/2026 Pradip Book Dist. 1349.00   COJ AKS-C-04846 30/03/2026 1349.00 30/03/2026 Book